LIBRARY & INFORMATION CENTRE, KCAET, TAVANUR

ONLINE PUBLIC ACCESS CATALOGUE (OPAC)

Food processing industries in India / (Record no. 7290)

MARC details
000 -LEADER
fixed length control field 00501cam a2200193ua 4500
041 ## - LANGUAGE CODE
Language code of text/sound track or separate title eng
082 ## - DEWEY DECIMAL CLASSIFICATION NUMBER
Classification number 664.02
Item number VIK/FO
100 ## - MAIN ENTRY--AUTHOR NAME
Personal name Vikram, Malhotra .
245 ## - TITLE STATEMENT
Title Food processing industries in India /
260 ## - PUBLICATION, DISTRIBUTION, ETC. (IMPRINT)
Place of publication India :
Name of publisher Ministry of food processing industries ,
Year of publication 1996.
300 ## - PHYSICAL DESCRIPTION
Number of Pages 184 ; .
942 ## - ADDED ENTRY ELEMENTS (KOHA)
Koha item type Books
Holdings
Withdrawn status Lost status Damaged status Home library Current library Date acquired Full call number Accession Number Koha item type
      KAUAET KAUAET 07/04/2012 664.02 19161 Books
      KAUAET KAUAET 07/04/2012 664.02 19159 Books
      KAUAET KAUAET 07/04/2012 664.02 19160 Books
free website counter